[Event "MNT-chT"]
[Site "Herceg Novi"]
[Date "2025.05.05"]
[Round "6.21"]
[White "Nikolic, Nebojsa"]
[Black "Pikula, Rodoljub"]
[Result "1-0"]
[WhiteElo "2260"]
[BlackElo "1953"]
[PlyCount "49"]
[EventDate "2025.05.01"]
[EventType "team-tourn"]
[EventRounds "9"]
[EventCountry "MNE"]
[SourceTitle "CB20_2025"]
[SourceDate "2025.05.14"]
[SourceVersion "1"]
[SourceVersionDate "2025.05.14"]
[SourceQuality "1"]
[WhiteTeam "Herceg Novi"]
[BlackTeam "Rumija"]
[WhiteTeamCountry "MNE"]
[BlackTeamCountry "MNE"]

1. d4 Nf6 2. c4 e6 3. Nc3 Bb4 4. f3 d5 5. a3 Bxc3+ 6. bxc3 c5 7. cxd5 exd5 8. e3 Qa5 9. Bd2 c4 10. g4 h6 11. Ne2 Nc6 12. Ng3 Qc7 13. Be2 0-0 14. Kf2 Re8 15. h4 Ne7 16. g5 hxg5 17. hxg5 Nh7 18. e4 a5 19. Rh5 Nf8 20. Qh1 Nfg6 21. Rh7 Bd7 22. Nh5 Kf8 23. Rxg7 Bf5 24. Nf6 dxe4 25. Nh7+ 1-0

[Event "MNT-chT"]
[Site "Herceg Novi"]
[Date "2025.05.04"]
[Round "5.16"]
[White "Djurovic, Peko"]
[Black "Pikula, Rodoljub"]
[Result "1-0"]
[WhiteElo "2283"]
[BlackElo "1953"]
[PlyCount "43"]
[EventDate "2025.05.01"]
[EventType "team-tourn"]
[EventRounds "9"]
[EventCountry "MNE"]
[SourceTitle "CB20_2025"]
[SourceDate "2025.05.14"]
[SourceVersion "1"]
[SourceVersionDate "2025.05.14"]
[SourceQuality "1"]
[WhiteTeam "Crnogorac"]
[BlackTeam "Rumija"]
[WhiteTeamCountry "MNE"]
[BlackTeamCountry "MNE"]

1. e4 c6 2. d4 d5 3. e5 Bf5 4. h4 h5 5. Bg5 Qb6 6. Bd3 Bxd3 7. Qxd3 e6 8. Nd2 c5 9. c4 Na6 10. Ngf3 Ne7 11. 0-0 Nf5 12. a3 Nc7 13. dxc5 Bxc5 14. b4 Bd4 15. Rad1 f6 16. cxd5 Nxd5 17. Nc4 Qd8 18. Nxd4 Nxd4 19. exf6 gxf6 20. Qxd4 Rg8 21. Rfe1 Kf7 22. Rxe6 1-0

[Event "MNT-ch 75th"]
[Site "Podgorica"]
[Date "2023.02.11"]
[Round "7"]
[White "Vujacic, Igor"]
[Black "Pikula, Rodoljub"]
[Result "1-0"]
[WhiteElo "2153"]
[BlackElo "1985"]
[PlyCount "57"]
[EventDate "2023.02.05"]
[EventType "swiss"]
[EventRounds "9"]
[EventCountry "MNE"]
[SourceTitle "CBM 212 Extra"]
[Source "ChessBase"]
[SourceDate "2023.03.31"]
[SourceVersion "1"]
[SourceVersionDate "2023.03.31"]
[SourceQuality "1"]

1. e4 c6 2. d4 d5 3. Nc3 dxe4 4. Nxe4 Bf5 5. Ng3 Bg6 6. h4 h6 7. Nf3 Nd7 8. h5 Bh7 9. Bd3 Bxd3 10. Qxd3 e6 11. Bd2 Ngf6 12. 0-0-0 Qc7 13. Ne4 Nxe4 14. Qxe4 Nf6 15. Qe2 0-0-0 16. Kb1 Kb8 17. Ne5 Bd6 18. f4 Rhf8 19. g4 Nd5 20. c4 Bxe5 21. fxe5 Ne7 22. Bb4 Ka8 23. Rhf1 Qd7 24. Qe3 Qe8 25. Rf3 Rd7 26. Rdf1 Qd8 27. Rxf7 Rxf7 28. Rxf7 Qe8 29. Qf2 1-0

[Event "MNT-ch 75th"]
[Site "Podgorica"]
[Date "2023.02.10"]
[Round "6"]
[White "Pikula, Rodoljub"]
[Black "Musovic, Armin"]
[Result "0-1"]
[WhiteElo "1985"]
[BlackElo "2243"]
[PlyCount "92"]
[EventDate "2023.02.05"]
[EventType "swiss"]
[EventRounds "9"]
[EventCountry "MNE"]
[SourceTitle "CBM 212 Extra"]
[Source "ChessBase"]
[SourceDate "2023.03.31"]
[SourceVersion "1"]
[SourceVersionDate "2023.03.31"]
[SourceQuality "1"]

1. d4 d5 2. c4 c5 3. cxd5 Qxd5 4. Nf3 cxd4 5. Nc3 Qa5 6. Nxd4 Nf6 7. g3 e5 8. Nb3 Qc7 9. Bg2 Bb4 10. Bd2 0-0 11. 0-0 Rd8 12. Rc1 Qe7 13. a3 Bxc3 14. Rxc3 Nc6 15. e3 Bg4 16. Qc2 e4 17. Rxc6 bxc6 18. Bb4 Qe8 19. Nd4 a5 20. Bc5 Rd5 21. b4 axb4 22. axb4 h5 23. Rc1 h4 24. h3 Bc8 25. g4 Ba6 26. Nf5 Bd3 27. Qb2 Kh7 28. Bd4 Qe6 29. Bb6 Rb5 30. Bc7 Ra2 31. Qc3 Rxf5 32. gxf5 Qxf5 33. Bf4 Nd5 34. Qe5 Qxe5 35. Bxe5 Nxb4 36. Bd6 Nc2 37. Be7 f6 38. Bc5 g5 39. f3 f5 40. fxe4 fxe4 41. Rb1 Ra1 42. Rxa1 Nxa1 43. Bf1 Nb3 44. Be7 Kg6 45. Kf2 Bxf1 46. Kxf1 Nd2+ 0-1

[Event "MNT-ch 75th"]
[Site "Podgorica"]
[Date "2023.02.06"]
[Round "2"]
[White "Perisic, Nikola"]
[Black "Pikula, Rodoljub"]
[Result "1-0"]
[WhiteElo "1736"]
[BlackElo "1985"]
[PlyCount "55"]
[EventDate "2023.02.05"]
[EventType "swiss"]
[EventRounds "9"]
[EventCountry "MNE"]
[SourceTitle "CBM 212 Extra"]
[Source "ChessBase"]
[SourceDate "2023.03.31"]
[SourceVersion "1"]
[SourceVersionDate "2023.03.31"]
[SourceQuality "1"]

1. d4 Nf6 2. Bf4 d5 3. e3 c5 4. c3 Qb6 5. Qb3 Nc6 6. Nd2 e6 7. Ngf3 c4 8. Qc2 Qa6 9. Be2 b5 10. 0-0 b4 11. e4 Nh5 12. Bg3 Nxg3 13. fxg3 Be7 14. Rae1 0-0 15. exd5 exd5 16. Nh4 g6 17. Bf3 Be6 18. Nxg6 hxg6 19. Rxe6 Kg7 20. Ree1 Rad8 21. h4 Rd7 22. Bg4 Rd6 23. h5 Qb6 24. Nf3 Bf6 25. Qd2 Rh8 26. Qf4 Ne7 27. Ng5 gxh5 28. Ne6+ 1-0

[Event "Bar City-ch"]
[Site "Bar"]
[Date "2021.12.15"]
[Round "5"]
[White "Pikula, Rodoljub"]
[Black "Bisa, Gani"]
[Result "0-1"]
[WhiteElo "2014"]
[BlackElo "1974"]
[PlyCount "80"]
[EventDate "2021.12.12"]
[EventType "swiss"]
[EventRounds "7"]
[EventCountry "MNE"]
[SourceTitle "CBM 205 Extra"]
[Source "ChessBase"]
[SourceDate "2022.01.31"]
[SourceVersion "1"]
[SourceVersionDate "2022.01.31"]
[SourceQuality "1"]

1. d4 Nf6 2. c4 e6 3. Nf3 g6 4. Nc3 c6 5. e4 Qa5 6. Bd2 d6 7. Be2 Bg7 8. e5 dxe5 9. Nxe5 0-0 10. h4 Rd8 11. Nd5 Qa6 12. c5 b5 13. Nc7 Qb7 14. Ba5 Rf8 15. Bf3 Nfd7 16. Ng4 Na6 17. Nxa8 f5 18. Ne3 Nf6 19. a4 b4 20. Nc4 Bd7 21. Nab6 axb6 22. Bxb6 Nd5 23. Bxd5 cxd5 24. Nd6 Qc6 25. Qd3 Nxc5 26. Bxc5 e5 27. Nb5 Re8 28. 0-0 Qf6 29. dxe5 Qxh4 30. Qxd5+ Be6 31. Qc6 Bf7 32. f4 Rd8 33. Nd6 Be6 34. Nb7 Bd5 35. Qc7 Ra8 36. Rad1 Bxb7 37. Qxb7 Re8 38. Rd7 Bf8 39. Qd5+ Kh8 40. Qf7 Bxc5+ 0-1

[Event "Bar City-ch"]
[Site "Bar"]
[Date "2021.12.12"]
[Round "1"]
[White "Pikula, Rodoljub"]
[Black "Milosevic, Vuk"]
[Result "1/2-1/2"]
[WhiteElo "2014"]
[BlackElo "1535"]
[PlyCount "195"]
[EventDate "2021.12.12"]
[EventType "swiss"]
[EventRounds "7"]
[EventCountry "MNE"]
[SourceTitle "CBM 205 Extra"]
[Source "ChessBase"]
[SourceDate "2022.01.31"]
[SourceVersion "1"]
[SourceVersionDate "2022.01.31"]
[SourceQuality "1"]

1. d4 e6 2. c4 b6 3. e4 Bb4+ 4. Bd2 Be7 5. Nf3 Bb7 6. Bd3 Nf6 7. Qe2 d5 8. cxd5 exd5 9. e5 Ne4 10. Nc3 Nxd2 11. Qxd2 0-0 12. Ne2 Nd7 13. h4 f6 14. e6 Nb8 15. h5 c5 16. Qf4 f5 17. Bxf5 Bd6 18. Qg4 Qf6 19. Bxh7+ Kxh7 20. h6 g6 21. Ng5+ Kh8 22. Nf7+ Rxf7 23. exf7 Qxf7 24. Rh3 Nd7 25. Rf3 Nf6 26. Qg5 Rf8 27. 0-0-0 Bc8 28. Nf4 Bf5 29. dxc5 Ne4 30. Nxg6+ Qxg6 31. Qxg6 Bxg6 32. Rxf8+ Bxf8 33. Rxd5 Bxh6+ 34. Kd1 Nxc5 35. b4 Ne4 36. Rd8+ Kg7 37. Rd7+ Kf6 38. Rxa7 Nxf2+ 39. Ke2 Ne4 40. Ra6 Nc3+ 41. Kf2 Nd5 42. a4 Bd3 43. b5 Be3+ 44. Kf3 Bc5 45. Ra7 Nc3 46. Kf4 Bc2 47. a5 Nxb5 48. Ra6 Nc7 49. Rxb6+ Bxb6 50. axb6 Nd5+ 51. Kf3 Nxb6 52. g4 Kg5 53. Ke3 Bd1 54. Kd4 Bxg4 55. Ke5 Nd7+ 56. Ke4 Be6 57. Ke3 Kf5 58. Kd4 Kf4 59. Kd3 Ke5 60. Ke3 Bf5 61. Kf3 Nf6 62. Ke3 Nd5+ 63. Kf3 Be6 64. Ke2 Ke4 65. Kd2 Kd4 66. Ke2 Bf5 67. Kd2 Bd3 68. Kd1 Nb4 69. Kd2 Na2 70. Ke1 Ke3 71. Kd1 Be4 72. Ke1 Bg2 73. Kd1 Nb4 74. Kc1 Kd3 75. Kb2 Nc2 76. Kb3 Bc6 77. Kb2 Bd5 78. Kc1 Bf3 79. Kb2 Bd5 80. Kc1 Ne3 81. Kb2 Nc2 82. Kc1 Kc3 83. Kb1 Ne3 84. Ka1 Bc4 85. Kb1 Bb3 86. Kc1 Nc4 87. Kb1 Ne3 88. Ka1 Bc2 89. Ka2 Nc4 90. Ka1 Nd6 91. Ka2 Nb7 92. Ka1 Na5 93. Ka2 Bd3 94. Ka1 Bc2 95. Ka2 Be4 96. Ka1 Nc4 97. Ka2 Bc2 98. Ka1 1/2-1/2